Normal view MARC view
  • Civilization, Western

Entry Topical Term

Number of records used in: 1

001 - CONTROL NUMBER

  • control field: 37079

003 - CONTROL NUMBER IDENTIFIER

  • control field: OSt

005 - DATE AND TIME OF LATEST TRANSACTION

  • control field: 20150111111708.0

008 - FIXED-LENGTH DATA ELEMENTS

  • fixed length control field: 150111|| aca||babn | a|a d

040 ## - CATALOGING SOURCE

  • Original cataloging agency: OSt

150 ## - HEADING--TOPICAL TERM

  • Topical term or geographic name as entry element: Civilization, Western
  • General subdivision: Arab influences

550 ## - SEE ALSO FROM TRACING--TOPICAL TERM

  • Topical term or geographic name entry element: Civilization, Arab